[Event "XXX Festival A"]
[Site "Arco ITA"]
[Date "2008.10.18"]
[Round "1"]
[White "Roversi, Stefano"]
[Black "Prelati, Maurizio"]
[Result "0-1"]
[WhiteElo "1839"]
[BlackElo "2135"]
[PlyCount "74"]
[EventDate "2008.10.18"]

1. e4 c5 2. Nf3 d6 3. d4 cxd4 4. Nxd4 Nf6 5. Nc3 a6 6. f4 Qc7 7. Be2 b5 8. O-O
Bb7 9. Bf3 Nbd7 10. Kh1 g6 11. Be3 Bg7 12. a3 O-O 13. Qe1 Nc5 14. Bg1 e5 15.
fxe5 dxe5 16. Nb3 Ne6 17. Nd5 Nxd5 18. exd5 Ng5 19. Qe3 Nxf3 20. Qxf3 Rad8 21.
Rad1 Qxc2 22. Bc5 e4 23. Qe3 Rxd5 24. Rxd5 Bxd5 25. Bxf8 Bxf8 26. Nd4 Qxb2 27.
Rc1 Qxa3 28. Qxa3 Bxa3 29. Rc8+ Kg7 30. Nc2 Bc1 31. Nb4 Bc4 32. Nxa6 e3 33. Nb4
e2 34. Nc2 Bd2 35. Re8 b4 36. Re5 b3 37. Na3 b2 0-1

[Event "XXX Festival A"]
[Site "Arco ITA"]
[Date "2008.10.18"]
[Round "1"]
[White "Schaberg, Wolfgang"]
[Black "Wohl, Aleksandar H."]
[Result "0-1"]
[WhiteElo "1932"]
[BlackElo "2362"]
[PlyCount "48"]
[EventDate "2008.10.18"]

1. e4 Nf6 2. e5 Nd5 3. c4 Nb6 4. d4 d6 5. Nf3 dxe5 6. Nxe5 N8d7 7. Nf3 e6 8.
Nc3 c5 9. Be3 Be7 10. dxc5 Bxc5 11. Bxc5 Nxc5 12. Qxd8+ Kxd8 13. b4 Nca4 14.
Nxa4 Nxa4 15. O-O-O+ Ke7 16. c5 a5 17. a3 axb4 18. axb4 Nc3 19. Re1 Na2+ 20.
Kb2 Nxb4 21. Bc4 Bd7 22. Nd4 Rhc8 23. Kc3 Na6 24. Bxa6 Rxa6 0-1

[Event "XXX Festival A"]
[Site "Arco ITA"]
[Date "2008.10.18"]
[Round "1"]
[White "Schrott, Johann"]
[Black "Cracco, Pietro"]
[Result "1/2-1/2"]
[WhiteElo "1689"]
[BlackElo "1984"]
[PlyCount "59"]
[EventDate "2008.10.18"]

1. e4 e6 2. d4 d5 3. Nd2 Be7 4. Ngf3 Nf6 5. e5 Nfd7 6. Bd3 c5 7. c3 Nc6 8. O-O
a5 9. a4 cxd4 10. cxd4 Nb6 11. Nb3 Nb4 12. Bb5+ Bd7 13. Qe2 O-O 14. Be3 Bxb5
15. axb5 Nc4 16. Bd2 Qb6 17. Nc1 Nc2 18. Bxa5 Nxd4 19. Bxb6 Nxe2+ 20. Nxe2 Nxb6
21. b3 Rxa1 22. Rxa1 Ra8 23. Rxa8+ Nxa8 24. Nfd4 Nb6 25. Kf1 g5 26. g4 Nd7 27.
Nf3 Nc5 28. Ned4 Kg7 29. Ke2 Ne4 30. Ne1 1/2-1/2

[Event "XXX Festival A"]
[Site "Arco ITA"]
[Date "2008.10.18"]
[Round "1"]
[White "Stolfa, Rodolfo"]
[Black "De Santis, Alessio"]
[Result "0-1"]
[WhiteElo "1912"]
[BlackElo "2263"]
[PlyCount "68"]
[EventDate "2008.10.18"]

1. d4 f5 2. Nf3 Nf6 3. c4 g6 4. Nc3 Bg7 5. e3 d6 6. Qb3 O-O 7. c5+ Kh8 8. Ng5
d5 9. Be2 c6 10. O-O e5 11. dxe5 Ng4 12. f4 Nxe5 13. fxe5 Qxg5 14. e4 Qe7 15.
exd5 Qxc5+ 16. Kh1 Bxe5 17. Bf4 Bxf4 18. Rxf4 cxd5 19. Nxd5 Be6 20. Bf3 Bxd5
21. Bxd5 Nd7 22. Bxb7 Rab8 23. Rb4 Nf6 24. Rb5 Qc7 25. Bf3 Rxb5 26. Qxb5 Rb8
27. Qe2 Re8 28. Qd1 Qe5 29. b3 Ne4 30. Bxe4 fxe4 31. Rc1 e3 32. Rc2 e2 33. Qe1
Qf6 34. h3 Qf1+ 0-1

[Event "XXX Festival A"]
[Site "Arco ITA"]
[Date "2008.10.18"]
[Round "1"]
[White "Tocco, Paolo"]
[Black "Cavatorta, Ivan"]
[Result "1-0"]
[WhiteElo "2156"]
[BlackElo "1868"]
[PlyCount "67"]
[EventDate "2008.10.18"]

1. d4 e6 2. e4 d5 3. Nd2 c5 4. dxc5 Bxc5 5. Nb3 Bd6 6. Bb5+ Bd7 7. Bxd7+ Qxd7
8. exd5 exd5 9. Nf3 Nf6 10. O-O O-O 11. Be3 Na6 12. c3 b6 13. Qc2 Qc7 14. g3
Nb4 15. Qf5 Nc6 16. Bg5 Ne7 17. Qd3 Qc4 18. Rad1 Qxd3 19. Rxd3 Rad8 20. Bxf6
gxf6 21. Re1 Rfe8 22. Kf1 Kg7 23. Nfd4 a6 24. f4 Kf8 25. Rde3 b5 26. a3 Rb8 27.
R1e2 Rbc8 28. Ke1 Ra8 29. Kd2 Reb8 30. Na5 Bc5 31. b4 Bxd4 32. Rxe7 Be5 33. Rd7
Bxc3+ 34. Kxc3 1-0

[Event "XXX Festival A"]
[Site "Arco ITA"]
[Date "2008.10.18"]
[Round "1"]
[White "Tomassoni, Leonardo"]
[Black "Barlotti, Gabriele"]
[Result "1-0"]
[WhiteElo "1982"]
[BlackElo "1686"]
[PlyCount "45"]
[EventDate "2008.10.18"]

1. e4 e6 2. d4 d5 3. Nc3 Nf6 4. e5 Nfd7 5. Nf3 c5 6. Bf4 a6 7. Be2 Nc6 8. dxc5
Bxc5 9. O-O Qc7 10. Bg3 Ncxe5 11. Nxe5 Nxe5 12. Nxd5 exd5 13. Qxd5 Bd6 14. Rad1
Ke7 15. Rfe1 Be6 16. Qe4 Kf8 17. Rxd6 Qxd6 18. Bxe5 Qd5 19. Qb4+ Ke8 20. Bf3
Qb5 21. Qe4 f6 22. Bxf6 Kf7 23. Qxe6+ 1-0

[Event "XXX Festival A"]
[Site "Arco ITA"]
[Date "2008.10.18"]
[Round "1"]
[White "Trauth, Michael"]
[Black "Coqueraut, Lodewyk"]
[Result "1/2-1/2"]
[WhiteElo "2165"]
[BlackElo "1869"]
[PlyCount "144"]
[EventDate "2008.10.18"]

1. Nf3 g6 2. c4 Bg7 3. g3 b6 4. Bg2 Bb7 5. O-O d6 6. Nc3 e6 7. Qc2 Nd7 8. b3
Ne7 9. Bb2 a6 10. Nd5 e5 11. e4 O-O 12. d4 c6 13. Ne3 h6 14. Rad1 Qc7 15. dxe5
dxe5 16. Rd2 c5 17. Rfd1 Rad8 18. Nh4 Nc6 19. Nd5 Qb8 20. f4 Rfe8 21. f5 g5 22.
Nf3 Ba8 23. Qd3 Nd4 24. Qe3 Bxd5 25. cxd5 b5 26. Rc1 Qb6 27. Qf2 Rc8 28. Nxd4
exd4 29. b4 cxb4 30. Rxc8 Rxc8 31. Bxd4 Bxd4 32. Qxd4 Qxd4+ 33. Rxd4 Rc4 34.
Rd2 Kf8 35. d6 Ke8 36. f6 Nxf6 37. e5 Rc1+ 38. Kf2 Ng4+ 39. Kf3 Nxe5+ 40. Ke4
Nd7 41. Bh3 Rc4+ 42. Ke3 g4 43. Bf1 Rc5 44. Kf4 h5 45. h3 f5 46. Bd3 Rd5 47.
Re2+ Kd8 48. Bxf5 Rxd6 49. hxg4 hxg4 50. Kxg4 a5 51. Kf4 Rd4+ 52. Ke3 Rd5 53.
Kf4 Kc7 54. g4 Rd4+ 55. Kf3 Rc4 56. g5 a4 57. Re7 Rd4 58. g6 b3 59. axb3 a3 60.
g7 a2 61. g8=Q a1=Q 62. Qg3+ Kd8 63. Rxd7+ Rxd7 64. Qg5+ Kc7 65. Bxd7 Qd1+ 66.
Ke4 Qxd7 67. Qd5 Qg4+ 68. Ke3 Qg3+ 69. Kd4 Qf2+ 70. Kc3 Qe1+ 71. Kb2 Qf2+ 72.
Ka3 Qf8+ 1/2-1/2

[Event "XXX Festival A"]
[Site "Arco ITA"]
[Date "2008.10.18"]
[Round "1"]
[White "Traversi, Carlo"]
[Black "Tomasi, Diego"]
[Result "0-1"]
[WhiteElo "1759"]
[BlackElo "2002"]
[PlyCount "118"]
[EventDate "2008.10.18"]

1. e4 Nc6 2. Nf3 Nf6 3. Nc3 d5 4. e5 d4 5. exf6 dxc3 6. fxe7 cxd2+ 7. Bxd2
Qxe7+ 8. Qe2 Bg4 9. Qxe7+ Bxe7 10. O-O-O O-O-O 11. Re1 Bf6 12. Bc4 Bxf3 13.
gxf3 Bxb2+ 14. Kxb2 Rxd2 15. Bxf7 Rf8 16. Be6+ Kb8 17. Rhg1 g6 18. Rg2 a6 19.
Re3 Rfd8 20. Bb3 Nd4 21. Re7 Nxb3 22. axb3 R2d7 23. Re2 Rf8 24. Rg3 Rdf7 25.
Re3 b5 26. b4 Kb7 27. Kb3 Rf4 28. h3 R8f7 29. Rd3 Rc4 30. Rg4 Rcf4 31. Rg3 R7f6
32. c3 Kb6 33. Rd7 Rh4 34. Rd3 c5 35. bxc5+ Kxc5 36. Re3 Rc6 37. Re4 Rh5 38. h4
Rf5 39. Rg5 Rcf6 40. Rxf5+ Rxf5 41. Re7 Rxf3 42. Rxh7 Rxf2 43. Rg7 Rf6 44. Rd7
a5 45. Rc7+ Kb6 46. Re7 a4+ 47. Ka3 Kc5 48. Re4 Rd6 49. Rg4 Rd3 50. Kb2 Rd2+
51. Kc1 Rh2 52. Rxg6 Rxh4 53. Rg8 Kc4 54. Rc8+ Kb3 55. Rc5 Rh1+ 56. Kd2 a3 57.
Rxb5+ Kc4 58. Rb4+ Kc5 59. Ra4 a2 0-1

[Event "XXX Festival A"]
[Site "Arco ITA"]
[Date "2008.10.18"]
[Round "1"]
[White "Virzi, Ettore"]
[Black "Vuelban, Virgilio"]
[Result "0-1"]
[WhiteElo "1950"]
[BlackElo "2390"]
[PlyCount "84"]
[EventDate "2008.10.18"]

1. e4 c5 2. Nf3 Nc6 3. d4 cxd4 4. Nxd4 Nf6 5. Nc3 d6 6. Bg5 e6 7. Qd2 Be7 8.
O-O-O O-O 9. Nb3 Qb6 10. Be3 Qc7 11. f3 a6 12. g4 b5 13. g5 Nd7 14. h4 Bb7 15.
Qf2 Nce5 16. Kb1 Rac8 17. Rg1 b4 18. Na4 Nxf3 19. Qxf3 Qc6 20. g6 hxg6 21. h5
Ne5 22. Qe2 Qxa4 23. hxg6 Bxe4 24. gxf7+ Rxf7 25. Rc1 Bd5 26. Qh2 Bf6 27. Bg2
Qd7 28. Bxd5 exd5 29. Rh1 Kf8 30. Bd4 Ke7 31. Rhe1 Rc4 32. c3 Qf5+ 33. Ka1 Kd7
34. Rf1 Qg4 35. Rg1 Qe6 36. Qg2 Nd3 37. Rcf1 bxc3 38. Bxc3 Nf4 39. Qc2 d4 40.
Rxf4 dxc3 41. Rxc4 Qxc4 42. Qf5+ Qe6 0-1

[Event "XXX Festival A"]
[Site "Arco ITA"]
[Date "2008.10.18"]
[Round "1"]
[White "Wagner, Frank"]
[Black "Larino Nieto, David"]
[Result "0-1"]
[WhiteElo "1955"]
[BlackElo "2469"]
[PlyCount "106"]
[EventDate "2008.10.18"]

1. g3 c5 2. Bg2 Nc6 3. Nf3 e5 4. d3 d5 5. O-O Nf6 6. c4 Be7 7. cxd5 Nxd5 8. Bd2
O-O 9. Nc3 Be6 10. Qa4 Nb6 11. Qd1 h6 12. Rc1 c4 13. dxc4 Nxc4 14. b3 Nxd2 15.
Qxd2 Qa5 16. Na4 Bb4 17. Qe3 Ba3 18. Rxc6 bxc6 19. Nxe5 Bd5 20. Nxc6 Bxc6 21.
Bxc6 Rac8 22. Be4 Rfe8 23. Qf3 Re5 24. Bd3 Qd5 25. Qg4 Rc7 26. Rd1 g6 27. Qf4
Kg7 28. Rf1 Rce7 29. Nc3 Qa5 30. Na4 R7e6 31. Qd4 Rd6 32. Qa1 Kh7 33. Nb2 Bxb2
34. Qxb2 Qd5 35. Bc4 Qd4 36. Qa3 Rf6 37. Qc1 Ref5 38. e3 Qg4 39. Qd2 Qf3 40.
Be2 Qd5 41. Qc2 Qc6 42. Qb2 Rc5 43. Bc4 h5 44. Qd4 Rd6 45. Qh4 Rf5 46. e4 Rd4
47. f3 Qc5 48. Kh1 Qe5 49. Qh3 Rf6 50. Qg2 Kg7 51. Bd5 Rd3 52. Bc4 Re3 53. Bd5
Rexf3 0-1

[Event "XXX Festival A"]
[Site "Arco ITA"]
[Date "2008.10.18"]
[Round "1"]
[White "Weinberg, Emanuele"]
[Black "Zucchelli, Massimo"]
[Result "0-1"]
[WhiteElo "1861"]
[BlackElo "2145"]
[PlyCount "58"]
[EventDate "2008.10.18"]

1. d4 Nf6 2. c4 e6 3. Nf3 Bb4+ 4. Bd2 Qe7 5. e3 Nc6 6. Bd3 d6 7. a3 Bxd2+ 8.
Qxd2 e5 9. d5 Nb8 10. Bc2 O-O 11. h3 Na6 12. Nc3 c5 13. dxc6 bxc6 14. Ba4 Bb7
15. O-O d5 16. Qe2 Nc5 17. b4 Nce4 18. Nxe4 dxe4 19. Nd2 c5 20. b5 Ne8 21. Bc2
f5 22. Nb3 f4 23. exf4 exf4 24. g4 f3 25. Qe3 Qh4 26. Kh2 Nf6 27. Rg1 h5 28.
gxh5 Bc8 29. Rg3 Ng4+ 0-1

[Event "XXX Festival A"]
[Site "Arco ITA"]
[Date "2008.10.19"]
[Round "2"]
[White "Acunzo, Domenico"]
[Black "Stolfa, Rodolfo"]
[Result "0-1"]
[WhiteElo "1797"]
[BlackElo "1912"]
[PlyCount "80"]
[EventDate "2008.10.18"]

1. e4 e5 2. f4 d6 3. Nf3 Nc6 4. Bc4 Be7 5. O-O Nf6 6. Nc3 Bg4 7. d3 Nd4 8. fxe5
Bxf3 9. gxf3 dxe5 10. f4 Bd6 11. Be3 c5 12. Nd5 O-O 13. c3 Nxd5 14. Bxd5 exf4
15. Bd2 Qg5+ 16. Kh1 Ne6 17. Qf3 Qh6 18. Rf2 Kh8 19. Rg1 Ng5 20. Qg4 Nh3 21.
Rfg2 Nxg1 22. Kxg1 Rad8 23. b3 b6 24. Qf5 g6 25. Qf6+ Qg7 26. Qh4 Be5 27. Bxf4
Bxf4 28. Qxf4 Qxc3 29. Rf2 f6 30. Bc4 Qe5 31. Qf3 Kg7 32. Qh3 f5 33. exf5 Rxf5
34. Rxf5 Qxf5 35. Qh4 Qf6 36. Qg3 Qd6 37. Qf3 Rf8 38. Qb7+ Kh6 39. Qg2 Qd4+ 40.
Kh1 Qa1+ 0-1

[Event "XXX Festival A"]
[Site "Arco ITA"]
[Date "2008.10.19"]
[Round "2"]
[White "Astengo, Corrado"]
[Black "Henrichsen, Jens"]
[Result "1-0"]
[WhiteElo "2172"]
[BlackElo "1987"]
[PlyCount "65"]
[EventDate "2008.10.18"]

1. e4 c5 2. Nf3 d6 3. d4 cxd4 4. Nxd4 Nf6 5. Nc3 a6 6. Bg5 e6 7. f4 Be7 8. Qf3
Qc7 9. O-O-O Nbd7 10. g4 b5 11. Bxf6 Nxf6 12. g5 Nd7 13. f5 Bxg5+ 14. Kb1 Ne5
15. Qh5 Qe7 16. Nxe6 Bxe6 17. fxe6 g6 18. exf7+ Kxf7 19. Qe2 Kg7 20. Nd5 Qa7
21. h4 Bh6 22. h5 Raf8 23. Rh2 Rf3 24. hxg6 hxg6 25. Qg2 Rhf8 26. Qh1 Ng4 27.
Rh4 Qf2 28. Bd3 Rg3 29. Nc7 Rc8 30. Ne6+ Kh7 31. Rxh6+ Nxh6 32. Qxh6+ Kxh6 33.
Rh1+ 1-0

[Event "XXX Festival A"]
[Site "Arco ITA"]
[Date "2008.10.19"]
[Round "2"]
[White "Barlotti, Gabriele"]
[Black "Caldara, Sisto"]
[Result "0-1"]
[WhiteElo "1686"]
[BlackElo "1868"]
[PlyCount "78"]
[EventDate "2008.10.18"]

1. d4 g6 2. c4 Bg7 3. e4 d6 4. Nc3 Nd7 5. Be2 e6 6. Nf3 b6 7. g4 Bb7 8. h3 Ne7
9. Bg5 a6 10. Qd2 h6 11. Bh4 c5 12. d5 Bxc3 13. Qxc3 e5 14. g5 hxg5 15. Bxg5
Nf8 16. Bf6 Rg8 17. Bg5 Nh7 18. O-O-O Nxg5 19. Nxg5 Nxd5 20. Qd2 Nf4 21. h4 Qe7
22. Bf3 O-O-O 23. Nh3 Ne6 24. Ng1 Nd4 25. Bg4+ f5 26. Bh3 Bxe4 27. Rh2 Kb8 28.
Re1 Qf7 29. f4 Qxc4+ 30. Qc3 Qf7 31. Ne2 Nb5 32. Qb3 Bd5 33. Qa4 Ka7 34. fxe5
dxe5 35. Nc3 Nxc3 36. bxc3 b5 37. Qa3 Qc7 38. Bf1 e4 39. Bxb5 Qxh2 0-1

[Event "XXX Festival A"]
[Site "Arco ITA"]
[Date "2008.10.19"]
[Round "2"]
[White "Bondielli, Giorgio"]
[Black "Collato, Luca"]
[Result "1-0"]
[WhiteElo "1954"]
[BlackElo "1848"]
[PlyCount "59"]
[EventDate "2008.10.18"]

1. e4 c5 2. d4 cxd4 3. c3 dxc3 4. Nxc3 g6 5. Qd4 Nf6 6. Bf4 Nc6 7. Qd2 Bg7 8.
Nf3 d6 9. Bc4 O-O 10. h3 Nd7 11. O-O Nde5 12. Nxe5 Nxe5 13. Bb3 Bd7 14. Rfd1
Rc8 15. Bg5 Kh8 16. Nd5 f6 17. Be3 Bxh3 18. f4 Bg4 19. fxe5 Bxd1 20. Rxd1 dxe5
21. Qb4 Qd6 22. Qxb7 Rb8 23. Qxa7 Rxb3 24. axb3 e6 25. Nc3 Qb8 26. Rd7 Qxa7 27.
Bxa7 Bh6 28. b4 Rc8 29. b5 Rc4 30. Nd1 1-0

[Event "XXX Festival A"]
[Site "Arco ITA"]
[Date "2008.10.19"]
[Round "2"]
[White "Burani, Eugenio"]
[Black "Tocco, Paolo"]
[Result "0-1"]
[WhiteElo "1991"]
[BlackElo "2156"]
[PlyCount "108"]
[EventDate "2008.10.18"]

1. e4 e5 2. Nf3 Nc6 3. Bc4 f5 4. d3 d6 5. c3 Na5 6. Bb5+ c6 7. Ba4 fxe4 8. dxe4
Nf6 9. Nbd2 b5 10. Bc2 Be7 11. b4 Nb7 12. O-O O-O 13. Bb3+ Kh8 14. Ng5 d5 15.
exd5 Nxd5 16. Nde4 Bf5 17. Qh5 Qe8 18. Qxe8 Raxe8 19. Re1 h6 20. Nf3 Bxe4 21.
Rxe4 Nxc3 22. Rxe5 Bxb4 23. Be3 a5 24. Rxe8 Rxe8 25. Nh4 a4 26. Bf7 Re4 27. g3
g5 28. Nf5 Kh7 29. h4 gxh4 30. Nxh4 Kg7 31. Bh5 Nd6 32. a3 Ba5 33. Bc5 Nf7 34.
Bf3 Rc4 35. Be7 Nd5 36. Nf5+ Kg6 37. Nh4+ Kh7 38. Bxd5 cxd5 39. Rd1 d4 40. Nf3
Bb6 41. Bf6 Ng5 42. Nxg5+ hxg5 43. Bxg5 Bc5 44. Bc1 Rc3 45. Bb2 Rb3 46. Bxd4
Bxd4 47. Rxd4 Rxa3 48. Kf1 Rb3 49. Ke2 a3 50. Rd7+ Kg6 51. Kd2 Rb2+ 52. Kc3 b4+
53. Kc4 a2 54. Ra7 b3 0-1

[Event "XXX Festival A"]
[Site "Arco ITA"]
[Date "2008.10.19"]
[Round "2"]
[White "Casagrande, Fabio"]
[Black "Prakken, Gerrit"]
[Result "1/2-1/2"]
[WhiteElo "2017"]
[BlackElo "2206"]
[PlyCount "99"]
[EventDate "2008.10.18"]

1. e4 e5 2. Nf3 Nc6 3. d4 exd4 4. Nxd4 Nf6 5. Nc3 Bc5 6. Nxc6 bxc6 7. Bg5 h6 8.
Bh4 d6 9. Qf3 Bd7 10. h3 Qe7 11. O-O-O Rb8 12. Bc4 Rb4 13. Qd3 Be6 14. Bb3 g5
15. Bg3 Nh5 16. Rhe1 Rd4 17. Qf3 g4 18. hxg4 Qg5+ 19. Kb1 Qxg4 20. Rxd4 Qxf3
21. gxf3 Bxd4 22. Ne2 Bf6 23. Rh1 Ng7 24. f4 h5 25. f5 Bxb3 26. axb3 h4 27. Rh3
Kd7 28. b4 Nxf5 29. exf5 Re8 30. Bxh4 Bxh4 31. Rxh4 Rxe2 32. Rf4 Re1+ 33. Ka2
d5 34. Kb3 Kd6 35. Rh4 f6 36. Rh6 Ke5 37. Rh7 Kxf5 38. Rxc7 Re6 39. Rxa7 Kf4
40. Rh7 Kf3 41. Rh2 f5 42. c4 dxc4+ 43. Kxc4 Re2 44. b3 f4 45. b5 cxb5+ 46.
Kxb5 Rxf2 47. Rh8 Rb2 48. b4 Ke4 49. Re8+ Kd3 50. Rd8+ 1/2-1/2

[Event "XXX Festival A"]
[Site "Arco ITA"]
[Date "2008.10.19"]
[Round "2"]
[White "Castellano, Alfonso"]
[Black "Schrott, Johann"]
[Result "1-0"]
[WhiteElo "1967"]
[BlackElo "1689"]
[PlyCount "93"]
[EventDate "2008.10.18"]

1. c4 Nf6 2. Nc3 c5 3. g3 Nc6 4. Bg2 g6 5. Nf3 Bg7 6. O-O O-O 7. d4 cxd4 8.
Nxd4 a6 9. e4 Qb6 10. Nb3 d6 11. h3 Rb8 12. Nd5 Nxd5 13. cxd5 Ne5 14. Be3 Qd8
15. Ba7 Ra8 16. Bd4 f5 17. f4 Nf7 18. Bxg7 Kxg7 19. Qd4+ Kg8 20. e5 b6 21. Qe3
dxe5 22. fxe5 Bb7 23. Rad1 Qc7 24. d6 exd6 25. exd6 Nxd6 26. Qe6+ Nf7 27. Rd7
Bc8 28. Qxf7+ Rxf7 29. Rxc7 Rxc7 30. Bxa8 Be6 31. Rc1 Ra7 32. Bf3 Rd7 33. Rc6
Bxb3 34. axb3 Rd3 35. Kf2 Rd2+ 36. Be2 b5 37. Rxa6 Rxb2 38. Ra5 Rxb3 39. Rxb5
Rc3 40. Rb7 f4 41. gxf4 Rxh3 42. Bg4 Rh2+ 43. Kg3 Rh6 44. Be6+ Kf8 45. Kg4 Rh2
46. Kg5 Rf2 47. Rxh7 1-0

[Event "XXX Festival A"]
[Site "Arco ITA"]
[Date "2008.10.19"]
[Round "2"]
[White "Cavatorta, Ivan"]
[Black "Traversi, Carlo"]
[Result "0-1"]
[WhiteElo "1868"]
[BlackElo "1759"]
[PlyCount "54"]
[EventDate "2008.10.18"]

1. e4 Nc6 2. d4 e5 3. Nf3 exd4 4. Nxd4 Bc5 5. Be3 Qf6 6. c3 Nge7 7. Nc2 Bxe3 8.
Nxe3 d6 9. Nd2 O-O 10. g3 Ng6 11. f4 Re8 12. Bg2 Bd7 13. O-O Qd8 14. f5 Nge5
15. f6 Be6 16. Qh5 Ng6 17. fxg7 Nce5 18. Nf5 Qd7 19. Nh6+ Kxg7 20. Nf5+ Kg8 21.
Qh6 f6 22. h3 Qf7 23. h4 Bxf5 24. Rxf5 Ng4 25. Qh5 Ne3 26. Rf3 Re5 27. Qh6 Ng4
0-1

[Event "XXX Festival A"]
[Site "Arco ITA"]
[Date "2008.10.19"]
[Round "2"]
[White "Coqueraut, Jean Dominique"]
[Black "Mazza, Maurizio"]
[Result "1-0"]
[WhiteElo "1892"]
[BlackElo "1765"]
[PlyCount "83"]
[EventDate "2008.10.18"]

1. d4 d5 2. c4 c6 3. Nc3 Nf6 4. Nf3 Bf5 5. cxd5 cxd5 6. e3 e6 7. Bb5+ Nbd7 8.
Ne5 Bd6 9. Nxd7 Nxd7 10. O-O O-O 11. f4 Nf6 12. Be2 a6 13. g4 Be4 14. g5 Nd7
15. Nxe4 dxe4 16. Qc2 f5 17. Qb3 Qe7 18. Bd2 b5 19. Rac1 Rfc8 20. a3 Nf8 21.
Ba5 Ng6 22. Rc2 Kf7 23. Bh5 Kf8 24. Bxg6 hxg6 25. Rfc1 Rxc2 26. Rxc2 Qd7 27. d5
e5 28. Rc6 exf4 29. Rxd6 Qa7 30. Bb6 Qe7 31. Rxg6 Qf7 32. Bc5+ Kg8 33. Rc6 Qh5
34. d6+ Kh7 35. exf4 Qg4+ 36. Qg3 Qd1+ 37. Kg2 Qd5 38. g6+ Kg8 39. Rc7 e3+ 40.
Kh3 e2 41. Qe3 Qd1 42. Qe6+ 1-0

[Event "XXX Festival A"]
[Site "Arco ITA"]
[Date "2008.10.19"]
[Round "2"]
[White "Coqueraut, Lodewyk"]
[Black "De Andres Gonalons, Fernando"]
[Result "0-1"]
[WhiteElo "1869"]
[BlackElo "2092"]
[PlyCount "80"]
[EventDate "2008.10.18"]

1. e4 e6 2. d4 d5 3. Nc3 dxe4 4. Nxe4 Nd7 5. Be3 Ngf6 6. f3 Nxe4 7. fxe4 Qh4+
8. Kd2 Qxe4 9. Nf3 Bd6 10. Bd3 Qc6 11. Qe2 a6 12. Raf1 Qa4 13. Bc4 Nf6 14. Ng5
Qa5+ 15. Kc1 h6 16. Nxf7 Kxf7 17. Rf5 Qxf5 18. Rf1 Qxf1+ 19. Qxf1 Bd7 20. g4
Ke7 21. h3 b5 22. Bb3 a5 23. a3 Bc6 24. Bf4 Rhf8 25. Bxd6+ cxd6 26. Qe2 Nd5 27.
Bxd5 Bxd5 28. Qxb5 Rf2 29. Qb6 Rc8 30. c3 Be4 31. Qa7+ Kf6 32. Qd7 Ra8 33. Qxd6
Bd5 34. Qe5+ Kf7 35. c4 Rc8 36. c5 Kg8 37. b4 axb4 38. Qe1 Rcf8 39. Qxb4 Be4
40. Qb6 Rc2+ 0-1

[Event "XXX Festival A"]
[Site "Arco ITA"]
[Date "2008.10.19"]
[Round "2"]
[White "Cottarelli, Franco"]
[Black "Buck, Klaus-Michael"]
[Result "1-0"]
[WhiteElo "1899"]
[BlackElo "1804"]
[PlyCount "53"]
[EventDate "2008.10.18"]

1. e4 e6 2. d3 c5 3. Nf3 Nc6 4. g3 Nge7 5. Bg2 d5 6. Nc3 d4 7. Ne2 e5 8. O-O h6
9. h3 Be6 10. Kh2 Qd7 11. Nfg1 Ng6 12. f4 f5 13. fxe5 Ngxe5 14. Nf4 fxe4 15.
Nxe6 Qxe6 16. Bxe4 Be7 17. Qh5+ g6 18. Qe2 O-O-O 19. a4 Qd6 20. a5 a6 21. Bf4
g5 22. Bxe5 Nxe5 23. Rae1 Bf6 24. Bg2 Rde8 25. Qe4 Qc7 26. Rxf6 Qxa5 27. Qxb7+
1-0

[Event "XXX Festival A"]
[Site "Arco ITA"]
[Date "2008.10.19"]
[Round "2"]
[White "Cracco, Pietro"]
[Black "Marino, Francesco V."]
[Result "1/2-1/2"]
[WhiteElo "1984"]
[BlackElo "1686"]
[PlyCount "40"]
[EventDate "2008.10.18"]

1. Nf3 c5 2. c4 b6 3. d4 cxd4 4. Nxd4 Bb7 5. f3 Nc6 6. e4 g6 7. Be3 Bg7 8. Nc3
d6 9. Qd2 Nf6 10. Ndb5 Rc8 11. Be2 O-O 12. O-O a6 13. Na3 Ne5 14. Rac1 Ned7 15.
Rc2 Ne8 16. f4 Nc5 17. Bf3 Bxc3 18. Qxc3 Bxe4 19. Bxe4 Nxe4 20. Qd4 f5 1/2-1/2

[Event "XXX Festival A"]
[Site "Arco ITA"]
[Date "2008.10.19"]
[Round "2"]
[White "De Santis, Alessio"]
[Black "Battiston, Claudio"]
[Result "1-0"]
[WhiteElo "2263"]
[BlackElo "2027"]
[PlyCount "65"]
[EventDate "2008.10.18"]

1. d4 f5 2. Nc3 Nf6 3. f3 d5 4. Bg5 Nc6 5. Qd2 e6 6. O-O-O Bb4 7. h4 Qe7 8. e3
Bd7 9. Nge2 h6 10. Bf4 O-O-O 11. a3 Ba5 12. b4 Bb6 13. Na4 e5 14. Nxb6+ axb6
15. Bh2 Rhe8 16. Qc3 exd4 17. exd4 Qe3+ 18. Kb2 Qxc3+ 19. Nxc3 Be6 20. Nb5 Rd7
21. Bd3 g5 22. hxg5 hxg5 23. Be5 Ng8 24. Rde1 Nxe5 25. Rxe5 Rf7 26. Rhe1 Kd7
27. g4 Nh6 28. gxf5 Nxf5 29. Nxc7 Kxc7 30. Bxf5 Bxf5 31. Rxe8 Bd7 32. R8e5 Rxf3
33. Rxd5 1-0

[Event "XXX Festival A"]
[Site "Arco ITA"]
[Date "2008.10.19"]
[Round "2"]
[White "Dieli, Riccardo"]
[Black "Bonini, Roberto"]
[Result "1/2-1/2"]
[WhiteElo "1943"]
[BlackElo "1843"]
[PlyCount "79"]
[EventDate "2008.10.18"]

1. Nf3 d5 2. c4 c6 3. d4 Nf6 4. e3 Bf5 5. Nc3 a6 6. Bd2 e6 7. cxd5 cxd5 8. Qa4+
Nbd7 9. Nh4 b5 10. Qd1 Bg4 11. Be2 Bxe2 12. Qxe2 Be7 13. Rc1 Nb6 14. O-O O-O
15. Nf3 Nc4 16. b3 Nxd2 17. Nxd2 Rc8 18. f3 Qd7 19. Ndb1 Rc7 20. Rc2 Rfc8 21.
Rfc1 Rc6 22. Nd1 R8c7 23. Nb2 Qc8 24. Rxc6 Rxc6 25. Rxc6 Qxc6 26. Nd3 g6 27.
Qd2 Bd6 28. g3 Nd7 29. Qc3 Nb8 30. b4 Qc4 31. a3 Nc6 32. Kf2 e5 33. dxe5 Nxe5
34. Nxe5 Bxe5 35. Qxe5 Qc2+ 36. Kg1 Qxb1+ 37. Kg2 Qa2+ 38. Kh3 Qxa3 39. Qb8+
Kg7 40. Qe5+ 1/2-1/2

[Event "XXX Festival A"]
[Site "Arco ITA"]
[Date "2008.10.19"]
[Round "2"]
[White "Diotallevi, Maurizio"]
[Black "Qendro, Llambi"]
[Result "0-1"]
[WhiteElo "2101"]
[BlackElo "2373"]
[PlyCount "110"]
[EventDate "2008.10.18"]

1. d4 g6 2. Nf3 Bg7 3. Nbd2 d6 4. e4 Nf6 5. Bd3 O-O 6. O-O Nc6 7. c3 e5 8. dxe5
Nxe5 9. Nxe5 dxe5 10. Qc2 Nh5 11. Re1 Nf4 12. Bf1 Be6 13. Nf3 Bg4 14. Bxf4 exf4
15. Be2 Qe7 16. Nd4 Bd7 17. Rad1 Rfd8 18. Bf3 c5 19. Nb3 Bb5 20. Rxd8+ Rxd8 21.
Rd1 b6 22. Rxd8+ Qxd8 23. Qd2 Qxd2 24. Nxd2 Bd3 25. Bd1 b5 26. Nb3 c4 27. Nc5
Bb1 28. a3 Bf8 29. Nd7 Be7 30. f3 f5 31. e5 Kf7 32. Kf1 Ke6 33. Nb8 Bc5 34. Nc6
Kd5 35. Nb4+ Kxe5 36. Nc2 Be3 37. Nb4 Kd6 38. b3 a5 39. Na6 cxb3 40. Bxb3 b4
41. Nxb4 axb4 42. cxb4 Ke5 43. a4 Bd2 44. b5 Bd3+ 45. Kg1 Ba5 46. h3 g5 47. Kh2
h5 48. Bf7 h4 49. Be8 Kd4 50. Kg1 Ke3 51. b6 Bxb6 52. Bb5 Bxb5 53. axb5 Ke2+
54. Kh2 Kf1 55. Kh1 Bg1 0-1